| 000 | 00772nam a22002297a 4500 | ||
|---|---|---|---|
| 003 | OSt | ||
| 005 | 20230914092118.0 | ||
| 008 | 221006b |||||||| |||| 00| 0 eng d | ||
| 040 | _cBiblioteca Lado V | ||
| 082 |
_a780 _bD542r |
||
| 100 |
_91045 _aDiaz, Wilson _eautor |
||
| 245 | _aLa Revolución no será Televisada/ | ||
| 260 |
_bFacultad de Artes ASAB _c2014 _aBogotá |
||
| 300 |
_c49.5x35cm _a1p. _bafiche doblado |
||
| 366 | _espa | ||
| 650 |
_2Tesauro de Arte & Arquitectura _aARTE _9703 |
||
| 650 |
_2Tesauro de Arte & Arquitectura _aEXHIBICION _9702 |
||
| 650 |
_2Tesauro de Arte & Arquitectura _aMÚSICA _9702 |
||
| 650 |
_2Tesauro de Arte & Arquitectura _aAFICHE |
||
| 710 |
_aTRansHistor(ia) _ecurador |
||
| 942 |
_2ddc _c1 _h780 _iD542r _n0 |
||
| 999 |
_c4307 _d4307 |
||